000 01133cam a2200337 a 4500
001 1256596
003 OSt
005 20120918155532.0
008 930909s1993 enka b 001 0 eng c
010 _a 93202993
020 _a0563364416
035 _a(OCoLC)28628057
035 _a(OCoLC)ocm28628057
035 _a(NNC)1256596
040 _aCtY
_cCtY
042 _alcnccp
050 1 4 _aBP163
_b.A36 1993
100 1 _aAhmed, Akbar S.
_917182
245 1 0 _aLiving Islam :
_bfrom Samarkand to Stornoway /
_cAkbar S. Ahmed.
260 _aLondon :
_bBBC Books,
_c1993.
300 _a224 p. :
_bcol. ill. ;
_c26 cm.
500 _a"This book is published to accompany the Continuing Education television series of the same name which was first broadcast in 1993." -- T.p. verso.
504 _aIncludes bibliographical references (p. 215-218) and index.
650 0 _aIslam
_y20th century.
_917183
650 0 _aIslam
_xEssence, genius, nature.
_917184
650 0 _aIslam
_xHistory.
_917185
650 0 _aMuslims
_xSocial conditions.
_917186
740 0 1 _aFrom Samarkand to Stornoway.
942 _2lcc
_cBK
999 _c54937
_d54911